000 00839cab a2200229 4500
001 ABS46336
008 090401t1992 xxu||||| |||| 00| 0 eng d
035 _a(Sirsi) u57870
041 _aeng
245 _aIn the frame
260 _c1992
350 _a0
490 _aChartered Quantity Surveyor
_vMay 1992, 22-28(7)
520 _aA feature article on structural frames, covering the history of building frames, the types of frame structures and their applications, the pros and cons of concrete or steel frames, cost estimating and finally some products are examined.
650 _aCONCRETE FRAMES
650 _aESTIMATING
650 _aSTEEL FRAMES
650 _aBUILT ENVIRONMENT-BUILDING ELEMENTS-COMPLETE BUILDING ELEMENTS-FRAMES
690 _aBUILT ENVIRONMENT-CONSTRUCTION DESIGN
942 _n0
948 _c04/03/1997
999 _c35328
_d35328